| 000 | 00809nam a22002177a 4500 | ||
|---|---|---|---|
| 003 | BD-DhUL | ||
| 005 | 20180807122026.0 | ||
| 008 | 180807s2017 bg ||||| |||| 00| 0 ben d | ||
| 020 | _a9789849274001 | ||
| 040 |
_aBD-DhUL _cBD-DhUL |
||
| 082 |
_a954.92 _bAHM |
||
| 100 | 1 | _aআহমেদ, তোফায়েল | |
| 245 | 1 | 0 |
_aমুক্তিযোদ্ধার স্মৃতিকথা / _c তোফায়েল আহমেদ |
| 260 |
_aঢাকা : _bসাম্প্রতিক, _c২০১৭ |
||
| 300 |
_a১০১ পৃ. ; _c২২ সেমি |
||
| 365 |
_aBDT _b150 |
||
| 504 | _aগ্রন্থপঞ্জিগত তথ্য সংবলিত | ||
| 651 | 0 |
_aবাংলাদেশ _xইতিহাস |
|
| 651 | 0 |
_aBangladesh _xHistory |
|
| 942 |
_2ddc _cBK |
||
| 999 |
_c243010 _d243010 |
||